| 000 | 00508nam a2200205Ia 4500 | ||
|---|---|---|---|
| 003 | 0100 | ||
| 008 | 130303s9999 xx 000 0 und d | ||
| 040 | _cARRUPELIB | ||
| 050 | _aT14.P4971995 | ||
| 100 | _aFellows, Roger (ed) | ||
| 245 | _aPhilosophy and Technology | ||
| 260 | _aCambridge | ||
| 260 | _bCambridge UP | ||
| 260 | _C1995 | ||
| 300 | _a207p | ||
| 650 | _bExperiential learning | ||
| 650 | _cExperience -- Psychological aspects | ||
| 650 | _dHuman information processing | ||
| 942 | 0 | 0 | _01 |
| 999 |
_c18440 _d18440 |
||